000 00716nam a2200241 a 4500
001 0001-0948
003 ELIB.Books
008 140909 2010 eng
020 _aKBTS
035 _a(ELIB.Books)0001-1102
092 _aThesis
_bMyo
100 _aMyo Min, Saw
245 _aA Strategy for Developing Effective Leaders for Nanthagon Karen Baptist Church,
_bto be the Model for the Karen Baptist Church in Myanmar
260 _aKBTS; Insein
_bKaren Baptist Theological Seminary
_c2014
300 _c29.7 Cm
500 _aMyo Min, Saw
650 _aThesis
856 _nKBTS; Library
_uKBTS; Elib.
942 _2ddc
_cBK
990 _a1
998 _cbat
_e2014-09-09
999 _c10948
_d10948